Southville International School and Colleges
Your cart is empty.
  • Cart
  • Lists
    Public lists Eva Luna New books Lux_list list_1
    Your lists Log in to create your own lists
  • Log in to your account
  • Your cookies
  • Search history
Southville International School and Colleges
  • Advanced search
  • Recent comments
  • Most popular
  • Libraries

Log in to your account

Log in with GOOGLE


If you do not have an external account, but do have a local account, you can still log in:

  1. Home
  2. MARC view: Good thinking :
Normal view MARC view ISBD view

Good thinking : (Record no. 118039)

[ view plain ]
MARC details
000 -LEADER
fixed length control field 00560nam a2200181Ia 4500
008 - FIXED-LENGTH DATA ELEMENTS--GENERAL INFORMATION
fixed length control field 140609s9999 xx 000 0 und d
020 ## - INTERNATIONAL STANDARD BOOK NUMBER
International Standard Book Number 9780486474380
050 ## - LIBRARY OF CONGRESS CALL NUMBER
Classification number QA 273.4
Item number .G66 2009
100 ## - MAIN ENTRY--PERSONAL NAME
Personal name Good, Irving J.
245 ## - TITLE STATEMENT
Title Good thinking :
Remainder of title the foundations of probability and its applications /
Statement of responsibility, etc Irving J. Good
250 ## - EDITION STATEMENT
Edition statement Dover ed.
260 ## - PUBLICATION, DISTRIBUTION, ETC. (IMPRINT)
Place of publication, distribution, etc Mineola, N.Y. :
Name of publisher, distributor, etc Dover Publications,
Date of publication, distribution, etc c2009.
300 ## - PHYSICAL DESCRIPTION
Extent 332 p. ;
Dimensions 22 cm.
500 ## - GENERAL NOTE
General note Includes bibliographical references and index.
521 ## - TARGET AUDIENCE NOTE
Target audience note
942 ## - ADDED ENTRY ELEMENTS (KOHA)
Call number prefix Foreign
Koha item type Books
Holdings
Withdrawn status Lost status Source of classification or shelving scheme Damaged status Home library Current library Shelving location Date acquired Source of acquisition Cost, normal purchase price Total Checkouts Full call number Barcode Date last seen Price effective from Koha item type
    Library of Congress Classification   College Library College Library General Circulation Section 06/09/2014 Donation 1436.00   QA 273.4 .G66 2009 C18327 05/15/2018 06/09/2014 Books

Good thinking :

APA

Good I. J., . (2009). Good thinking. Mineola, N.Y: Dover Publications.

Chicago

Good Irving J, . 2009. Good thinking. Mineola, N.Y: Dover Publications.

Harvard

Good I. J., . (2009). Good thinking. Mineola, N.Y: Dover Publications.

MLA

Good Irving J, . Good thinking. Mineola, N.Y: Dover Publications. 2009.

  • Place hold
  • Print
  • Cite
  • Add to your cart (remove)
  • Save record
    BIBTEX Dublin Core MARCXML MARC (non-Unicode/MARC-8) MARC (Unicode/UTF-8) MARC (Unicode/UTF-8, Standard) MODS (XML) RIS
  • More searches
    Search for this title in:
    Other Libraries (WorldCat) Other Databases (Google Scholar) Online Stores (Bookfinder.com) Open Library (openlibrary.org)

Exporting to Dublin Core...

SOUTHVILLE LIBRARY

Southville International School and Colleges Library

1281 Tropical Ave. Cor. Luxembourg St., BF Homes International, Las Pinas City

Tel. No. 8256374 / 252358 Loc. 117/146

Powered by Koha